[Event "1. OEsterreichische Internet Schach Meisterschaft - Vorrunde 2"]
[Site "Online - Playchess.com"]
[Date ""]
[Round "9"]
[Board "14"]
[White "Sulzbacher, Michael"]
[Black "Gelbenegger, Patrick"]
[Result "0-1"]
[WhiteElo "2018"]
[BlackElo "2240"]
[PlyCount "112"]
[EventDate "2020.04.13"]
[EventRounds "9"]
[EventCountry "AUT"]

1. b3 Nf6 2. Bb2 g6 3. f4 Bg7 4. Nf3 O-O 5. e3 d5 6. Be2 c5 7. O-O Nc6 8. Bb5 Bg4
9. Bxc6 bxc6 10. d3 Qb6 11. Nbd2 c4 12. Bd4 c5 13. Be5 cxd3 14. cxd3 Nd7 15. Bxg7
Kxg7 16. h3 Bf5 17. Qe2 Nf6 18. g4 Bd7 19. Ne5 Bb5 20. a4 Bc6 21. Rac1 Nd7 22. Nxd7
Bxd7 23. Rc2 Rac8 24. Rfc1 Rh8 25. Kg2 h5 26. g5 e5 27. Qf3 e4 28. dxe4 dxe4 29.
Qe2 Qe6 30. Rh1 Qd5 31. Qc4 Qf5 32. Nf1 h4 33. Qc3+ Kh7 34. Kf2 Rhd8 35. Nd2 Be6
36. Rh2 Rd3 37. Qe5 Qxe5 38. fxe5 Bxb3 39. Rb2 Bd5 40. Rh1 c4 41. Rc2 c3 42. Nb1
Bb3 43. Re2 c2 44. Nd2 c1=Q 45. Rxc1 Rxc1 46. Nxe4 Rc2 47. Nf6+ Kg7 48. Ne8+ Kf8
49. Nd6 Rxe2+ 50. Kxe2 Rd5 51. Nb5 Bc4+ 52. Kf3 Bxb5 53. axb5 Rxe5 54. e4 Rxb5 55.
Kg4 Rb4 56. Kxh4 Rxe4+  0-1

[Event "1. OEsterreichische Internet Schach Meisterschaft - Vorrunde 2"]
[Site "Online - Playchess.com"]
[Date ""]
[Round "9"]
[Board "15"]
[White "Bachler, Reinhard"]
[Black "Pirker, Christian"]
[Result "1-0"]
[WhiteElo "2143"]
[BlackElo "2167"]
[PlyCount "91"]
[EventDate "2020.04.13"]
[EventRounds "9"]
[EventCountry "AUT"]

1. f4 d5 2. Nf3 g6 3. g3 Bg7 4. Bg2 Nf6 5. O-O O-O 6. d3 Bg4 7. Nc3 c6 8. e4 Nbd7
9. e5 Ne8 10. h3 Bxf3 11. Qxf3 Nc7 12. d4 f5 13. Be3 e6 14. g4 Qe7 15. Qg3 c5 16.
Ne2 Nb5 17. c3 cxd4 18. Nxd4 Nxd4 19. Bxd4 Nc5 20. Kh2 Ne4 21. Bxe4 fxe4 22. Rac1
Rf7 23. a3 b5 24. Rf2 Raf8 25. Rcf1 Kh8 26. b4 Rg8 27. Ra1 Qd7 28. Qe3 a6 29. g5
h6 30. h4 hxg5 31. hxg5 Bf8 32. Kg3 Rh7 33. Raa2 Kg7 34. Rh2 Rgh8 35. Rag2 Qc8 36.
Qe2 Qc4 37. Qxc4 bxc4 38. Rxh7+ Rxh7 39. a4 Kf7 40. b5 axb5 41. axb5 Ke8 42. Ra2
Rb7 43. Ra8+ Kf7 44. b6 Be7 45. Ra7 Rb8 46. Bc5  1-0

[Event "1. OEsterreichische Internet Schach Meisterschaft - Vorrunde 2"]
[Site "Online - Playchess.com"]
[Date ""]
[Round "9"]
[Board "16"]
[White "Mostbauer, Maximilian"]
[Black "Riemelmoser, Stefan"]
[Result "1/2-1/2"]
[WhiteElo "2217"]
[BlackElo "2046"]
[PlyCount "156"]
[EventDate "2020.04.13"]
[EventRounds "9"]
[EventCountry "AUT"]

1. d4 e6 2. Nf3 d5 3. g3 Nf6 4. Bg2 c5 5. O-O Nc6 6. b3 Be7 7. Bb2 O-O 8. Nbd2 b6
9. e3 Ba6 10. c4 Rc8 11. dxc5 Bxc5 12. a3 Be7 13. Rc1 Na5 14. Ne5 Rc7 15. Re1 dxc4
16. b4 Nb3 17. Nxb3 cxb3 18. Qxb3 Rxc1 19. Rxc1 Qd6 20. Nc6 Nd5 21. Bxd5 exd5 22.
Qxd5 Kh8 23. Nxe7 Qxe7 24. Qe5 Qxe5 25. Bxe5 Rc8 26. Rxc8+ Bxc8 27. Bb8 a5 28. b5
a4 29. Bc7 Bd7 30. Bxb6 Bxb5 31. f4 f6 32. g4 Kg8 33. Kf2 Kf7 34. e4 Ke6 35. Ke3
Bf1 36. Kf2 Bd3 37. Ke3 Bf1 38. Bd4 Bb5 39. h4 Bf1 40. Bc5 h6 41. Bf8 Kf7 42. Bb4
Ke6 43. Be1 Bh3 44. Kf3 Bf1 45. Bc3 Bc4 46. Ke3 Bb3 47. Be1 Bd1 48. g5 hxg5 49. hxg5
fxg5 50. fxg5 g6 51. Kd4 Bc2 52. Bg3 Bd1 53. Bb8 Bc2 54. Ba7 Bd1 55. Ke3 Bc2 56.
Bb6 Bd1 57. Ba5 Bc2 58. Be1 Bd1 59. Kd2 Bb3 60. Kc3 Bd1 61. Kd4 Bb3 62. Bc3 Bd1 63.
Ba5 Bb3 64. Bd8 Bd1 65. Bf6 Bb3 66. Kc5 Bd1 67. Kc6 Bc2 68. e5 Bd3 69. Kc7 Bc2 70.
Kd8 Bd3 71. Ke8 Bc2 72. Kf8 Bd3 73. Kg7 Bc2 74. Kh6 Bd3 75. Bh8 Bc2 76. Kh7 Bd3 77.
Bf6 Bc2 78. Kg8 Bd3  1/2-1/2

[Event "1. OEsterreichische Internet Schach Meisterschaft - Vorrunde 2"]
[Site "Online - Playchess.com"]
[Date ""]
[Round "9"]
[Board "17"]
[White "Schneider-Zinner, Harald"]
[Black "Hatzl, Johannes"]
[Result "1-0"]
[WhiteElo "2381"]
[BlackElo "2131"]
[PlyCount "87"]
[EventDate "2020.04.13"]
[EventRounds "9"]
[EventCountry "AUT"]

1. d4 d5 2. Bf4 Nf6 3. e3 c5 4. Bb5+ Nc6 5. c3 e6 6. Nd2 cxd4 7. exd4 Bd6 8. Bxd6
Qxd6 9. Ngf3 O-O 10. O-O Ne7 11. Qe2 Ng6 12. g3 a6 13. Bd3 Bd7 14. Ne5 Bc6 15. h4
Nd7 16. Ndf3 Ndxe5 17. dxe5 Qc7 18. Bxg6 fxg6 19. Nd4 Bd7 20. a3 Rae8 21. Rac1 Qc5
22. Qe3 Bb5 23. Rfe1 Rf7 24. Rc2 Ba4 25. b3 Bd7 26. a4 Ref8 27. Ree2 b5 28. axb5
Bxb5 29. Nxe6 Qe7 30. Nxf8 Rxf8 31. Red2 Bc6 32. Rd4 Qa3 33. e6 Qxb3 34. Rcd2 Qb1+
35. Kg2 Bb5 36. Rd1 Qb3 37. e7 Re8 38. Qe6+ Kh8 39. Qf7 Qa3 40. Re1 Bc6 41. Kh2 h6
42. Rg4 Qxc3 43. Rxg6 d4 44. Qxg7#  1-0

[Event "1. OEsterreichische Internet Schach Meisterschaft - Vorrunde 2"]
[Site "Online - Playchess.com"]
[Date ""]
[Round "9"]
[Board "18"]
[White "Belke, Frank"]
[Black "Knoll, Martin"]
[Result "0-1"]
[WhiteElo "2273"]
[BlackElo "2018"]
[PlyCount "120"]
[EventDate "2020.04.13"]
[EventRounds "9"]
[EventCountry "AUT"]

1. d4 f5 2. Nc3 Nf6 3. Bg5 g6 4. h4 Bg7 5. e4 fxe4 6. h5 Nxh5 7. Rxh5 gxh5 8. Qxh5+
Kf8 9. O-O-O Qe8 10. Qh4 c6 11. Nxe4 d5 12. Ng3 Nd7 13. Nf5 Nf6 14. Nxg7 Kxg7 15.
Bd3 h6 16. Bf4 Qh5 17. Qg3+ Qg4 18. Qh2 Bf5 19. f3 Qg6 20. Bxf5 Qxf5 21. g4 Qg6 22.
Be5 Kf7 23. Ne2 h5 24. Qf4 hxg4 25. Rg1 Qh6 26. fxg4 Qxf4+ 27. Nxf4 Ne4 28. Bxh8
Rxh8 29. g5 Rg8 30. g6+ Kf6 31. Nh5+ Kf5 32. g7 Ng5 33. Kd1 Kg6 34. Nf4+ Kf5 35.
Nh5 Ne6 36. c3 Ng5 37. Ke2 Kg6 38. Nf4+ Kf5 39. Nh5 Ne4 40. Ke3 e5 41. dxe5 Kxe5
42. Ng3 Rxg7 43. Nxe4 Rxg1 44. Nd2 Rc1 45. Kd3 Rh1 46. Kc2 Rh2 47. Kd3 Kd6 48. b4
b6 49. a4 c5 50. b5 Rxd2+ 51. Kxd2 Ke5 52. Kd3 d4 53. cxd4+ cxd4 54. Kd2 Kd5 55.
Kd3 Kc5 56. Kd2 Kc4 57. Kc2 Kb4 58. Kd3 Kxa4 59. Kc4 d3 60. Kxd3 Kxb5  0-1

[Event "1. OEsterreichische Internet Schach Meisterschaft - Vorrunde 2"]
[Site "Online - Playchess.com"]
[Date ""]
[Round "9"]
[Board "19"]
[White "Frank, Emanuel"]
[Black "Dreher, David"]
[Result "1/2-1/2"]
[WhiteElo "2271"]
[BlackElo "1888"]
[PlyCount "118"]
[EventDate "2020.04.13"]
[EventRounds "9"]
[EventCountry "AUT"]

1. d4 f5 2. g3 Nf6 3. Bg2 d5 4. Nf3 e6 5. O-O Bd6 6. c4 c6 7. Nc3 O-O 8. Qc2 Bd7
9. Rb1 Be8 10. b4 a6 11. a4 Ne4 12. b5 axb5 13. axb5 cxb5 14. Nxb5 Bxb5 15. Rxb5
b6 16. cxd5 exd5 17. Rxd5 Ra5 18. Rxa5 bxa5 19. Ne5 Bxe5 20. dxe5 Qd5 21. Bb2 Rd8
22. g4 g6 23. gxf5 gxf5 24. Qc7 Na6 25. Qe7 Qd7 26. Qh4 Nac5 27. Kh1 Re8 28. f3 Nd2
29. Rd1 Ncb3 30. Qg5+ Kf8 31. Ba3+ Kf7 32. Qf6+ Kg8 33. f4 Qf7 34. Qxf7+ Kxf7 35.
Bd5+ Kg6 36. Bxb3 Nxb3 37. Rd3 a4 38. Rc3 Ra8 39. e6 Nd4 40. e7 Kf7 41. Re3 Re8 42.
Re5 Nc2 43. Bc5 a3 44. Rxf5+ Ke6 45. Re5+ Kd7 46. Re4 a2 47. Ra4 a1=Q+ 48. Rxa1 Nxa1
49. e4 Nc2 50. f5 Rxe7 51. Bxe7 Kxe7 52. Kg2 Kf6 53. Kf3 Ke5 54. Kg4 Nd4 55. Kg5
Nf3+ 56. Kh6 Nxh2 57. Kxh7 Ng4 58. Kg6 Kxe4 59. f6 Nxf6  1/2-1/2

[Event "1. OEsterreichische Internet Schach Meisterschaft - Vorrunde 2"]
[Site "Online - Playchess.com"]
[Date ""]
[Round "9"]
[Board "20"]
[White "Schloffer, Jasmin-Denise"]
[Black "Neuschmied, Siegfried"]
[Result "0-1"]
[WhiteElo "2110"]
[BlackElo "2268"]
[PlyCount "156"]
[EventDate "2020.04.13"]
[EventRounds "9"]
[EventCountry "AUT"]

1. d4 g6 2. c4 Bg7 3. Nc3 d6 4. e4 Nf6 5. Be2 O-O 6. Be3 e5 7. d5 c6 8. g4 cxd5 9.
cxd5 Qa5 10. f3 a6 11. h4 h5 12. g5 Nfd7 13. a3 b5 14. b4 Qd8 15. Rc1 Nb6 16. Nh3
Bxh3 17. Rxh3 N8d7 18. Kf2 Rc8 19. Rh1 Nc4 20. Bxc4 Rxc4 21. Ne2 Nb6 22. Bxb6 Qxb6+
23. Kg2 Rfc8 24. Qd2 Kh7 25. Rxc4 bxc4 26. Rc1 f6 27. Ng3 Qc7 28. Rc3 Qe7 29. Qc1
fxg5 30. hxg5 Qc7 31. Qh1 Kg8 32. Qc1 Bf8 33. Ne2 Be7 34. f4 exf4 35. Qxf4 Qd8 36.
Rf3 Qe8 37. Nc3 Bf8 38. Qg3 Bg7 39. Qxd6 Be5 40. Qe6+ Qxe6 41. dxe6 Bxc3 42. Rxc3
Kf8 43. Kf3 Ke7 44. Ke3 Kxe6 45. Kd4 h4 46. e5 Rd8+ 47. Ke4 Rc8 48. Kd4 Kf5 49. Kd5
Rd8+ 50. Kc5 Kxe5 51. Rh3 Rd4 52. Kb6 Kf5 53. Kxa6 Kg4 54. Rh1 c3 55. b5 c2 56. Rc1
Ra4+ 57. Kb7 Rxa3 58. Rxc2 Rb3 59. b6 Kxg5 60. Kc6 Kg4 61. b7 g5 62. Rc4+ Kg3 63.
Rc5 g4 64. Kc7 Rxb7+ 65. Kxb7 h3 66. Rc1 h2 67. Kc6 Kg2 68. Rc2+ Kh3 69. Rc1 g3 70.
Kd5 g2 71. Rc3+ Kg4 72. Ke4 g1=Q 73. Rc4 h1=Q+ 74. Ke5+ Kg5 75. Ra4 Qe3+ 76. Kd6
Qh2+ 77. Kc6 Qc2+ 78. Kb5 Qeb3+  0-1

[Event "1. OEsterreichische Internet Schach Meisterschaft - Vorrunde 2"]
[Site "Online - Playchess.com"]
[Date ""]
[Round "9"]
[Board "21"]
[White "Moritz, Christian"]
[Black "Hiermann, Dietmar"]
[Result "0-1"]
[WhiteElo "2077"]
[BlackElo "2250"]
[PlyCount "68"]
[EventDate "2020.04.13"]
[EventRounds "9"]
[EventCountry "AUT"]

1. d4 d5 2. Bf4 e6 3. e3 c5 4. c4 cxd4 5. exd4 dxc4 6. Bxc4 Nf6 7. Nc3 Be7 8. Nf3
a6 9. a4 O-O 10. O-O b6 11. d5 exd5 12. Nxd5 Bc5 13. Bc7 Qd7 14. Nxf6+ gxf6 15. Qxd7
Nxd7 16. a5 b5 17. Bb3 Ra7 18. Bf4 Bb7 19. Nh4 Ne5 20. Rfd1 Ng6 21. Bg3 Nxh4 22.
Bxh4 Kg7 23. Rd7 Be4 24. Rxa7 Bxa7 25. Re1 Bg6 26. Re7 Bd4 27. Re2 Rc8 28. g3 Rc1+
29. Kg2 Rb1 30. f4 Rxb2 31. Rxb2 Bxb2 32. Bd5 Bd3 33. Kf3 Bc3 34. Ke3 Bf1  0-1

[Event "1. OEsterreichische Internet Schach Meisterschaft - Vorrunde 2"]
[Site "Online - Playchess.com"]
[Date ""]
[Round "9"]
[Board "22"]
[White "Hofer, Maximilian"]
[Black "Bauer, Sebastian"]
[Result "0-1"]
[WhiteElo "2108"]
[BlackElo "2237"]
[PlyCount "72"]
[EventDate "2020.04.13"]
[EventRounds "9"]
[EventCountry "AUT"]

1. e4 d6 2. Nf3 Nf6 3. Nc3 Nc6 4. d4 Bg4 5. Be3 e5 6. Bb5 exd4 7. Bxd4 a6 8. Bxc6+
bxc6 9. O-O Be7 10. e5 dxe5 11. Bxe5 O-O 12. Qxd8 Bxd8 13. Ng5 Re8 14. Bf4 Nd5 15.
Nxd5 cxd5 16. h3 Bf5 17. c3 Bf6 18. Nf3 c5 19. Rad1 Red8 20. Rfe1 Be4 21. Bc7 Re8
22. Nh2 Rac8 23. Bd6 Red8 24. Bg3 h5 25. f3 Bf5 26. Bf2 d4 27. g4 Bg6 28. cxd4 cxd4
29. f4 Bc2 30. Rd2 d3 31. g5 Bxb2 32. f5 Bc3 33. Be3 Re8 34. Kf2 Re5 35. Bf4 Rxf5
36. Kg3 Rxf4  0-1

[Event "1. OEsterreichische Internet Schach Meisterschaft - Vorrunde 2"]
[Site "Online - Playchess.com"]
[Date ""]
[Round "9"]
[Board "23"]
[White "Nolz, Tom"]
[Black "Fuchs, Georg"]
[Result "1-0"]
[WhiteElo "2157"]
[BlackElo "2234"]
[PlyCount "139"]
[EventDate "2020.04.13"]
[EventRounds "9"]
[EventCountry "AUT"]

1. Nf3 d5 2. c4 c6 3. b3 Nf6 4. Bb2 Nbd7 5. g3 e6 6. Bg2 Be7 7. O-O O-O 8. d3 b6
9. Nbd2 a5 10. e4 Ba6 11. e5 Ne8 12. Re1 Nc5 13. Qc2 dxc4 14. dxc4 Nd3 15. Red1 Nxb2
16. Qxb2 Qc7 17. Ne4 f5 18. Neg5 Bc8 19. h4 h6 20. Nh3 a4 21. Nf4 Kh7 22. h5 a3 23.
Qc2 Bg5 24. Nxg5+ hxg5 25. Nh3 Kh6 26. Qd2 Qe7 27. Bxc6 Ra7 28. f4 g4 29. Nf2 Kxh5
30. Kg2 Bb7 31. Rh1+ Kg6 32. Bxb7 Qxb7+ 33. Kf1 Qf3 34. Qd3 Qxd3+ 35. Nxd3 Nc7 36.
Nb4 b5 37. Rc1 bxc4 38. Rxc4 Nb5 39. Rc6 Re8 40. Kf2 Rd7 41. Ke3 Nd4 42. Rc4 Red8
43. Rhc1 Nf3 44. Rc6 Rd2 45. Rxe6+ Kf7 46. Rb6 Rg2 47. Rc7+ Kf8 48. Rbb7 Rxg3 49.
Rf7+ Kg8 50. Rxg7+ Kf8 51. Rbf7+ Ke8 52. Kf2 Rh3 53. Re7+ Kf8 54. Rd7 Rxd7 55. Rxd7
Rh2+ 56. Ke3 Ne1 57. e6 g3 58. Nd5 Nc2+ 59. Kd3 Ne1+ 60. Kc4 Re2 61. Rf7+ Ke8 62.
Nf6+ Kd8 63. Rd7+ Kc8 64. e7 g2 65. Rd8+ Kc7 66. Nd5+ Kc6 67. Rg8 Nf3 68. Rxg2 Nd2+
69. Kd3 Kxd5 70. Rxe2  1-0

[Event "1. OEsterreichische Internet Schach Meisterschaft - Vorrunde 2"]
[Site "Online - Playchess.com"]
[Date ""]
[Round "9"]
[Board "24"]
[White "Mira, Helene"]
[Black "Meier, Alexander"]
[Result "0-1"]
[WhiteElo "2082"]
[BlackElo "2226"]
[PlyCount "36"]
[EventDate "2020.04.13"]
[EventRounds "9"]
[EventCountry "AUT"]

1. d4 d6 2. Nf3 g6 3. e4 Bg7 4. c4 Nf6 5. Nc3 O-O 6. Be2 Bg4 7. O-O Nbd7 8. Be3 e5
9. d5 b6 10. Nd2 Bxe2 11. Qxe2 Nh5 12. g3 a5 13. b3 Qe8 14. a3 f5 15. exf5 gxf5 16.
Nb5 f4 17. gxf4 exf4 18. Bxf4 Qxe2  0-1

[Event "1. OEsterreichische Internet Schach Meisterschaft - Vorrunde 2"]
[Site "Online - Playchess.com"]
[Date ""]
[Round "9"]
[Board "25"]
[White "Haas, Michael"]
[Black "Doskocil, Klaus"]
[Result "1/2-1/2"]
[WhiteElo "2141"]
[BlackElo "2157"]
[PlyCount "126"]
[EventDate "2020.04.13"]
[EventRounds "9"]
[EventCountry "AUT"]

1. d4 Nf6 2. Nf3 g6 3. Bg5 Bg7 4. Nbd2 d5 5. e3 O-O 6. Bd3 c6 7. O-O Nbd7 8. c3 Re8
9. e4 dxe4 10. Nxe4 Nxe4 11. Bxe4 Nf6 12. Bc2 Bg4 13. h3 Bxf3 14. Qxf3 Qd6 15. Rad1
a6 16. Rfe1 Rad8 17. Bf4 Qd5 18. Qxd5 cxd5 19. a4 e6 20. Bd3 Rc8 21. Ra1 Rc6 22.
Ra3 Rec8 23. Rb3 Nh5 24. Bh2 b5 25. axb5 axb5 26. Rxb5 Ra8 27. Rb7 Bf6 28. g4 Ng7
29. Rc1 h5 30. Rc2 hxg4 31. hxg4 Ne8 32. Bb5 Rcc8 33. Bxe8 Rxe8 34. b4 Rec8 35. Be5
Bxe5 36. dxe5 Ra3 37. b5 Raxc3 38. Rxc3 Rxc3 39. b6 Rc4 40. f3 Rc2 41. Rc7 Rb2 42.
b7 Kg7 43. Rd7 d4 44. Kf1 d3 45. Rxd3 Rxb7 46. Kf2 g5 47. Ke3 Rb5 48. Ke4 Rb4+ 49.
Ke3 Rb1 50. Kf2 Rb2+ 51. Ke3 Rb4 52. Rc3 Rb5 53. Ke4 Rb4+ 54. Ke3 Rb5 55. Ke4 Rb1
56. Rc5 Re1+ 57. Kd3 Rf1 58. Ke3 Ra1 59. Rc3 Ra5 60. Ke4 Ra4+ 61. Ke3 Ra5 62. Ke4
Ra4+ 63. Ke3 Ra5  1/2-1/2

[Event "1. OEsterreichische Internet Schach Meisterschaft - Vorrunde 2"]
[Site "Online - Playchess.com"]
[Date ""]
[Round "9"]
[Board "26"]
[White "Brehovsky, Paul"]
[Black "Buchegger, Fridolin"]
[Result "1-0"]
[WhiteElo "2149"]
[BlackElo "1827"]
[PlyCount "141"]
[EventDate "2020.04.13"]
[EventRounds "9"]
[EventCountry "AUT"]

1. d4 Nf6 2. c4 g6 3. Nf3 Bg7 4. g3 O-O 5. Bg2 d6 6. O-O Nbd7 7. Nc3 c6 8. e4 Qc7
9. Re1 e5 10. dxe5 Nxe5 11. Nxe5 dxe5 12. Qc2 Be6 13. c5 Rfd8 14. f3 h6 15. Be3 Rd7
16. b4 Rad8 17. Bf1 Bf8 18. Na4 Kg7 19. a3 Nh7 20. Red1 Rxd1 21. Rxd1 Be7 22. Rxd8
Qxd8 23. Kf2 Bg5 24. Qd3 Qxd3 25. Bxd3 Bb3 26. Nb2 Bd8 27. Nc4 Bxc4 28. Bxc4 a5 29.
b5 cxb5 30. Bxb5 Nf8 31. Ke2 Be7 32. Kd3 Ne6 33. Kc4 Nc7 34. Bd7 Ne6 35. Bc8 b6 36.
cxb6 Bxa3 37. Bxe6 fxe6 38. b7 Bd6 39. Ba7 a4 40. b8=Q Bxb8 41. Bxb8 Kf6 42. Kb4
h5 43. Kxa4 g5 44. Kb5 h4 45. Kc6 hxg3 46. hxg3 g4 47. fxg4 Kg5 48. Bxe5 Kxg4 49.
Bf4 Kf3 50. e5 Ke4 51. Kd6 Kf5 52. Kd7 Kg6 53. Kxe6 Kg7 54. Kf5 Kf7 55. e6+ Ke7 56.
Ke5 Ke8 57. Kf6 Kf8 58. Bh6+ Ke8 59. e7 Kd7 60. Kf7 Kd6 61. e8=Q Kd5 62. Qe3 Kc4
63. Qd2 Kb3 64. Qc1 Ka2 65. Ke6 Kb3 66. Qc5 Ka2 67. Qb4 Ka1 68. Kd5 Ka2 69. Kd4 Ka1
70. Kc3 Ka2 71. Qb2#  1-0

[Event "1. OEsterreichische Internet Schach Meisterschaft - Vorrunde 2"]
[Site "Online - Playchess.com"]
[Date ""]
[Round "9"]
[Board "27"]
[White "Froewis, Annika"]
[Black "Kozissnik, Christian"]
[Result "1-0"]
[WhiteElo "2136"]
[BlackElo "2023"]
[PlyCount "47"]
[EventDate "2020.04.13"]
[EventRounds "9"]
[EventCountry "AUT"]

1. e4 e6 2. d4 d5 3. Nc3 Nf6 4. e5 Nfd7 5. Nf3 c5 6. dxc5 Bxc5 7. Bf4 Nc6 8. Bd3
O-O 9. Bxh7+ Kxh7 10. Ng5+ Kg8 11. Qh5 Qxg5 12. Qxg5 f6 13. exf6 Rxf6 14. O-O e5
15. Bg3 Nb6 16. Bxe5 Nxe5 17. Qxe5 Bd6 18. Qe8+ Rf8 19. Qg6 Rf6 20. Qd3 Bf5 21. Qd4
Kf7 22. Nxd5 Rh6 23. g3 Rah8 24. h4  1-0

[Event "1. OEsterreichische Internet Schach Meisterschaft - Vorrunde 2"]
[Site "Online - Playchess.com"]
[Date ""]
[Round "9"]
[Board "28"]
[White "Lichtl, Erich"]
[Black "Wiedermann, Daniel"]
[Result "1-0"]
[WhiteElo "2096"]
[BlackElo "2048"]
[PlyCount "39"]
[EventDate "2020.04.13"]
[EventRounds "9"]
[EventCountry "AUT"]

1. d4 Nf6 2. Nc3 d5 3. Bf4 c6 4. e3 g6 5. h4 h6 6. Nf3 Bg7 7. Ne5 Nbd7 8. Be2 Qa5
9. Qd2 Nxe5 10. Bxe5 Bf5 11. O-O-O b5 12. g4 Be6 13. g5 Ne4 14. Nxe4 Qxa2 15. Qc3
Bxe5 16. dxe5 O-O 17. Nc5 d4 18. exd4 Rfd8 19. Qa3 Qd5 20. Bf3  1-0

[Event "1. OEsterreichische Internet Schach Meisterschaft - Vorrunde 2"]
[Site "Online - Playchess.com"]
[Date ""]
[Round "9"]
[Board "29"]
[White "Gschiel, Alexander"]
[Black "Maierhofer, Johann"]
[Result "1-0"]
[WhiteElo "1908"]
[BlackElo "2087"]
[PlyCount "75"]
[EventDate "2020.04.13"]
[EventRounds "9"]
[EventCountry "AUT"]

1. d4 c5 2. d5 e5 3. c4 d6 4. Nc3 g6 5. e4 Bh6 6. Bxh6 Nxh6 7. Bd3 O-O 8. Nf3 f6
9. O-O Kg7 10. a3 Na6 11. Rb1 Bd7 12. b4 b6 13. bxc5 Nxc5 14. Nb5 Bxb5 15. Rxb5 Rc8
16. a4 Qc7 17. a5 bxa5 18. Qb1 Rf7 19. Be2 Rd7 20. Nd2 a4 21. Qb4 Nf7 22. Rb1 f5
23. exf5 gxf5 24. Qc3 Qd8 25. f4 Qf6 26. fxe5 Qxe5 27. Qf3 Ng5 28. Qf2 Rf8 29. Nf3
Nxf3+ 30. Bxf3 Rff7 31. Qd2 Rde7 32. Qg5+ Kf8 33. Rb8+ Re8 34. Qh6+ Rg7 35. Bh5 Rxb8
36. Rxb8+ Ke7 37. Re8+ Kd7 38. Rxe5  1-0

[Event "1. OEsterreichische Internet Schach Meisterschaft - Vorrunde 2"]
[Site "Online - Playchess.com"]
[Date ""]
[Round "9"]
[Board "30"]
[White "Breneis, Gerhard"]
[Black "Teuschler, Hugo"]
[Result "1/2-1/2"]
[WhiteElo "1990"]
[BlackElo "2055"]
[PlyCount "118"]
[EventDate "2020.04.13"]
[EventRounds "9"]
[EventCountry "AUT"]

1. e4 c5 2. Nf3 d6 3. Bb5+ Nd7 4. a4 a6 5. Bc4 e6 6. d4 cxd4 7. Qxd4 Ngf6 8. Nc3
Be7 9. O-O O-O 10. a5 Nc5 11. b4 e5 12. Qe3 Ne6 13. Nd5 Nxd5 14. Bxd5 Nc7 15. c4
Nxd5 16. cxd5 Bd7 17. Bd2 f5 18. exf5 Bxf5 19. Rfc1 Qd7 20. h3 Rac8 21. Qe2 Bf6 22.
Ng5 h6 23. Ne4 Be7 24. f3 Rxc1+ 25. Rxc1 Rc8 26. Kh2 Rxc1 27. Bxc1 Qc7 28. Bb2 Bd7
29. f4 exf4 30. Qd2 Bf5 31. Qxf4 Bxe4 32. Qxe4 Bf8 33. Qe6+ Qf7 34. Qe4 Qd7 35. Bd4
Kh8 36. Qe3 Kg8 37. Qd2 Kh7 38. Qd3+ Kg8 39. Bb2 Qf7 40. Qe4 Kh8 41. h4 Kg8 42. Kh3
Qd7+ 43. g4 Qf7 44. g5 Qf1+ 45. Kg3 Qg1+ 46. Qg2 Qe3+ 47. Qf3 Qe1+ 48. Qf2 Qh1 49.
g6 Qxd5 50. Kg4 Qe6+ 51. Qf5 Qc4+ 52. Kh3 Qb3+ 53. Kg4 Qc4+ 54. Kg3 Qb3+ 55. Kf4
Qc4+ 56. Kf3 Qb3+ 57. Kf4 Qc4+ 58. Kf3 Qb3+ 59. Kg4 Qc4+  1/2-1/2

[Event "1. OEsterreichische Internet Schach Meisterschaft - Vorrunde 2"]
[Site "Online - Playchess.com"]
[Date ""]
[Round "9"]
[Board "31"]
[White "Tauber, Andreas"]
[Black "Kienboeck, Benjamin"]
[Result "0-1"]
[WhiteElo "1972"]
[BlackElo "1922"]
[PlyCount "116"]
[EventDate "2020.04.13"]
[EventRounds "9"]
[EventCountry "AUT"]

1. e4 c5 2. b4 cxb4 3. d4 d6 4. Nf3 Nf6 5. Bd3 Nc6 6. d5 Ne5 7. Nxe5 dxe5 8. Bb2
Qc7 9. Nd2 e6 10. Bb5+ Bd7 11. Bxd7+ Qxd7 12. dxe6 Qxe6 13. Qe2 Bd6 14. Nc4 O-O 15.
Nxd6 Qxd6 16. Rd1 Qe6 17. O-O Rac8 18. Qb5 Nxe4 19. Qxb4 Nc5 20. Rfe1 f6 21. f4 Qf5
22. fxe5 fxe5 23. Bxe5 Qxc2 24. Rc1 Nd3 25. Rxc2 Nxb4 26. Rxc8 Rxc8 27. Bd6 Nc6 28.
Rb1 b6 29. Rc1 Ne7 30. Rxc8+ Nxc8 31. Bb8 Kf7 32. Kf2 Ke6 33. Ke3 Kd7 34. Be5 g6
35. Kf4 Ne7 36. Kg5 Ng8 37. h4 Ke6 38. Bb2 a5 39. a3 b5 40. g4 a4 41. Bc3 Kf7 42.
h5 h6+ 43. Kf4 Ne7 44. Ke5 gxh5 45. gxh5 Ng8 46. Kd5 Nf6+ 47. Kc5 Ne4+ 48. Kb4 Nxc3
49. Kxc3 Kf6 50. Kb4 Kg5 51. Kxb5 Kxh5 52. Kxa4 Kg5 53. Kb5 h5 54. a4 h4 55. a5 h3
56. a6 h2 57. a7 h1=Q 58. a8=Q Qxa8  0-1

[Event "1. OEsterreichische Internet Schach Meisterschaft - Vorrunde 2"]
[Site "Online - Playchess.com"]
[Date ""]
[Round "9"]
[Board "32"]
[White "Postl, Anton"]
[Black "Kapferer, Romed"]
[Result "1-0"]
[WhiteElo "2290"]
[BlackElo "2081"]
[PlyCount "79"]
[EventDate "2020.04.13"]
[EventRounds "9"]
[EventCountry "AUT"]

1. d4 f5 2. g3 Nf6 3. Bg2 e6 4. Nh3 d5 5. O-O Bd6 6. Bf4 O-O 7. c4 c6 8. Nd2 Qe7
9. Bxd6 Qxd6 10. c5 Qe7 11. Nf4 Nbd7 12. Nf3 Ne4 13. Nd3 b6 14. b4 Bb7 15. Qc2 Rac8
16. a4 Ba6 17. Nde5 Nxe5 18. Nxe5 Bb7 19. Qb2 Ng5 20. f4 Nf7 21. Nd3 Qd7 22. Rfc1
Ba6 23. Nf2 g5 24. e3 h6 25. Rab1 Bc4 26. Bf1 Bxf1 27. Kxf1 Rb8 28. Nd3 Rb7 29. b5
Rc8 30. Qc3 Rbc7 31. Qb4 cxb5 32. axb5 gxf4 33. exf4 bxc5 34. dxc5 Rb8 35. c6 Qd8
36. Nc5 Re7 37. Re1 Nd6 38. Nxe6 Rxe6 39. Rxe6 Ne4 40. Qd4  1-0

[Event "1. OEsterreichische Internet Schach Meisterschaft - Vorrunde 2"]
[Site "Online - Playchess.com"]
[Date ""]
[Round "9"]
[Board "33"]
[White "Brod, Manfred"]
[Black "Wimmer, Kevin"]
[Result "1-0"]
[WhiteElo "2211"]
[BlackElo "1944"]
[PlyCount "157"]
[EventDate "2020.04.13"]
[EventRounds "9"]
[EventCountry "AUT"]

1. e4 e5 2. Nf3 Nc6 3. d4 exd4 4. Nxd4 Bc5 5. Be3 Qf6 6. c3 Nge7 7. Qd2 O-O 8. Nb5
Bxe3 9. Qxe3 d6 10. Nxc7 Rb8 11. Nb5 d5 12. Nd2 Re8 13. O-O-O Be6 14. Nc7 Red8 15.
Nxe6 Qxe6 16. Kb1 d4 17. Qg3 dxc3 18. Qxc3 Rbc8 19. Bc4 Qg6 20. f3 a6 21. Qe3 b5
22. Bb3 a5 23. a3 a4 24. Ba2 b4 25. Bc4 bxa3 26. Qxa3 Rb8 27. g4 Ne5 28. Be2 N7c6
29. Nc4 Nxc4 30. Bxc4 Qf6 31. Bd5 Nb4 32. Rd2 Nxd5 33. exd5 Qf4 34. Rhd1 Rd6 35.
Qc3 Rbd8 36. Rd4 Qf6 37. Rxa4 Qe7 38. Qa3 Qd7 39. Ra8 h6 40. Rxd8+ Qxd8 41. Qc5 Qd7
42. Rc1 Rxd5 43. Qc8+ Qxc8 44. Rxc8+ Kh7 45. Rc3 f5 46. gxf5 Rxf5 47. b4 Rh5 48.
Rc2 Rh3 49. Rb2 Rxf3 50. b5 Rf7 51. b6 Rb7 52. Kc2 Kg8 53. Kd3 Kf7 54. Kd4 Ke8 55.
Kc5 Kd7 56. Rd2+ Kc8 57. Kc6 Rf7 58. Re2 Rf6+ 59. Kb5 Rf1 60. Re8+ Kb7 61. Re7+ Kb8
62. Rxg7 h5 63. Rg5 h4 64. Kc6 Rf6+ 65. Kb5 Kb7 66. Rg7+ Kb8 67. Ka6 Rf8 68. Rh7
Rc8 69. Rxh4 Rg8 70. Rh7 Rf8 71. Rb7+ Ka8 72. Ra7+ Kb8 73. Rh7 Rg8 74. h4 Rf8 75.
h5 Rg8 76. h6 Rf8 77. Rg7 Kc8 78. h7 Re8 79. Rg8  1-0

[Event "1. OEsterreichische Internet Schach Meisterschaft - Vorrunde 2"]
[Site "Online - Playchess.com"]
[Date ""]
[Round "9"]
[Board "34"]
[White "Schumi, Manfred"]
[Black "Ehs, Dominik"]
[Result "0-1"]
[WhiteElo "2202"]
[BlackElo "2070"]
[PlyCount "62"]
[EventDate "2020.04.13"]
[EventRounds "9"]
[EventCountry "AUT"]

1. e4 c5 2. Nf3 e6 3. d4 cxd4 4. Nxd4 Nc6 5. Nc3 Qc7 6. g3 a6 7. Bg2 Nf6 8. O-O h5
9. Bg5 b5 10. Nxc6 dxc6 11. Bxf6 gxf6 12. h4 Bc5 13. Kh2 e5 14. Qd3 Be6 15. b3 Rd8
16. Qf3 Qe7 17. Bh3 Bg4 18. Bxg4 hxg4 19. Qxg4 Bd4 20. Ne2 Bxa1 21. Rxa1 Qe6 22.
Qf3 Ke7 23. Re1 Rd2 24. Qc3 Rhd8 25. Kg2 Rd1 26. Rxd1 Rxd1 27. Ng1 Rd4 28. Qe3 f5
29. exf5 Qxf5 30. Nf3 Qe4 31. Qg5+ Ke6  0-1